Εργασίες αποκατάστασης 2002-2005
Αποθηκεύτηκε σε:
| Συγγραφή απο Οργανισμό/Αρχή: | |
|---|---|
| Μορφή: | Βιβλίο |
| Γλώσσα: | Greek |
| Δημοσίευση: |
Αθήνα :
Υπουργείο Πολιτισμού,
2006
|
| Θέματα: | |
| Ετικέτες: |
Προσθήκη ετικέτας
Δεν υπάρχουν, Καταχωρήστε ετικέτα πρώτοι!
|
MARC
| LEADER | 00000cam a2200000 i 4500 | ||
|---|---|---|---|
| 001 | 1/40285 | ||
| 008 | 070124s2006 gre d | ||
| 035 | |l 10086796 | ||
| 040 | |a GR-MY-UA |b gre |e aacr | ||
| 041 | 0 | |a gre | |
| 082 | 0 | |a 722.809385 |2 (22) | |
| 110 | 2 | |a Υπουργείο Πολιτισμού Νοτίου Κλιτύος Ακροπόλεως |b Επιτροπη θεάτρου και Ιερού του Διονυσίου - Ασκληπείου. | |
| 245 | 1 | 0 | |a Εργασίες αποκατάστασης 2002-2005 / |c Eπιτροπή Θεάτρου & Ιερού του Διονύσου - Ασκληπιείου, Νοτίου Κλιτύος Ακροπόλεως |
| 260 | |a Αθήνα : |b Υπουργείο Πολιτισμού, |c 2006 | ||
| 300 | |a 36 σ.; |b εικ.; |c 29 εκ. | ||
| 650 | 0 | 0 | |a Temples |z Greece |z Athens |x Conservation and restoretion. |
| 650 | 0 | 0 | |a Antiquities |x Conservation and restoration. |
| 650 | 0 | 0 | |a Archaeological surveys. |
| 651 | 0 | |a Acropolis (Athens, Greece) |x Conservation and restoration. | |
| 651 | 0 | |a Acropolis (Athens, Greece) |x Antiquities. | |
| 852 | |a INST |b RHODES |e 20070124 |h 722.809385 ΕΠΙ |p 005400027261 |q 005400027261 |t BK |y 0 | ||
| 901 | |a BIBL4-2007-1 | ||
| 909 | |a Ρ |b 127471 | ||
| 970 | |a ΜΙΣΣΟΣ |b ΣΤΑΥΡΟΣ |z 2007/01/24 | ||